[Event "OP-2009-0-00843"]
[Site "Lechenicher SchachServer"]
[Date "2009.05.12"]
[Round "?"]
[White "Ranganathan, Raman"]
[Black "Znak, Nicholas"]
[Result "0-1"]
[WhiteElo "972"]
[BlackElo "827"]
[PlyCount "60"]
[EventDate "2009.05.08"]

1. e4 e5 2. Nf3 Nc6 3. c3 Nf6 4. Bd3 Bc5 5. b4 Bb6 6. Na3 a6 7. Nc4 d6 8. Nxb6
cxb6 9. h3 d5 10. Qe2 dxe4 11. Bxe4 O-O 12. O-O Re8 13. Ng5 h6 14. Nf3 Nxe4 15.
Qxe4 f5 16. Qc4+ Be6 17. Qe2 b5 18. Nxe5 Nxe5 19. Qxe5 Bc4 20. Qxf5 Bd3 21. Qf4
Bxf1 22. Kxf1 Qd3+ 23. Kg1 Re1+ 24. Kh2 Rf8 25. Qg3 Qf1 26. Qh4 Qg1+ 27. Kg3
Qxf2+ 28. Kg4 Qf4+ 29. Kh5 Qf5+ 30. Qg5 Qxg5# 0-1

[Event "Wisla op"]
[Site "Wisla"]
[Date "2009.05.09"]
[Round "8"]
[White "Jagiello, Adolf"]
[Black "Witusik, Jerzy"]
[Result "0-1"]
[WhiteElo "1499"]
[BlackElo "1748"]
[PlyCount "66"]
[EventDate "2009.05.04"]
[EventType "swiss"]
[EventRounds "11"]
[EventCountry "POL"]
[SourceTitle "EXT 2012"]
[Source "ChessBase"]
[SourceDate "2011.11.24"]
[SourceVersion "1"]
[SourceVersionDate "2011.11.24"]
[SourceQuality "1"]

1. e4 e5 2. Nf3 Nc6 3. c3 d5 4. d3 dxe4 5. dxe4 Qxd1+ 6. Kxd1 Bg4 7. Be2 O-O-O+
8. Bd2 Nf6 9. h3 Bh5 10. g4 Bg6 11. Nh4 Nxe4 12. Ke1 Bc5 13. Be3 Bxe3 14. Nxg6
Bxf2+ 15. Kf1 hxg6 16. Rh2 Bg3 17. Rg2 Bf4 18. Bf3 Ng5 19. Bxc6 bxc6 20. Ke2
Rxh3 21. c4 Rh1 22. Rf2 Rdd1 23. Rxf4 exf4 24. Kf2 Rxb1 25. Rxb1 Rxb1 26. b3
Rb2+ 27. Kf1 Kd7 28. c5 Ke6 29. b4 Kd5 30. a3 Ke4 31. b5 Nf3 32. a4 Ke3 33.
bxc6 Rf2# 0-1

[Event "Frome op"]
[Site "Frome"]
[Date "2009.05.09"]
[Round "2"]
[White "Footner, Andrew F"]
[Black "Cumming, Rhys"]
[Result "1/2-1/2"]
[WhiteElo "1888"]
[BlackElo "1890"]
[PlyCount "60"]
[EventDate "2009.05.08"]
[EventType "swiss"]
[EventRounds "5"]
[EventCountry "ENG"]
[SourceTitle "CBM 130 Extra"]
[Source "ChessBase"]
[SourceDate "2009.07.02"]
[SourceVersion "2"]
[SourceVersionDate "2009.07.15"]
[SourceQuality "1"]

1. e4 e5 2. Nf3 Nc6 3. c3 d5 4. Bb5 dxe4 5. Nxe5 Bd7 6. Nxd7 Qxd7 7. d4 exd3 8.
Qxd3 Qxd3 9. Bxd3 Ne5 10. Bb5+ c6 11. Be2 O-O-O 12. O-O Nd3 13. Be3 c5 14. b4
Nf6 15. Rd1 Ne5 16. b5 Rxd1+ 17. Bxd1 Nd5 18. Bd2 Be7 19. Na3 Bf6 20. Be2 Rd8
21. Rd1 Nb6 22. Be3 Na4 23. Nb1 Rxd1+ 24. Bxd1 Nb2 25. Bc2 b6 26. Kf1 Nbc4 27.
Bf4 Ng6 28. Bf5+ Kb7 29. Be4+ Kc8 30. Bf5+ Kb7 1/2-1/2

[Event "Scarborough CC Spring op U1700"]
[Site "Toronto"]
[Date "2009.05.07"]
[Round "2"]
[White "Yusuf, Magas"]
[Black "Teram, Eli"]
[Result "1-0"]
[WhiteElo "1380"]
[BlackElo "1438"]
[PlyCount "81"]
[EventDate "2009.04.30"]
[EventType "swiss"]
[EventRounds "9"]
[EventCountry "CAN"]
[SourceTitle "EXT 2011"]
[Source "ChessBase"]
[SourceDate "2010.11.26"]
[SourceVersion "1"]
[SourceVersionDate "2010.11.26"]
[SourceQuality "1"]

1. e4 e5 2. Nf3 Nc6 3. c3 Nf6 4. d4 Nxe4 5. d5 Bc5 6. dxc6 Nxf2 7. cxd7+ Bxd7
8. Qd5 Qe7 9. Rg1 O-O-O 10. Qxe5 Qxe5+ 11. Nxe5 Rhe8 12. Bf4 f6 13. Bg3 Nd3+
14. Bxd3 Bxg1 15. Kf1 fxe5 16. Kxg1 e4 17. Bc2 Kb8 18. Bh4 Rc8 19. Nd2 e3 20.
Nf3 h6 21. Bg6 Re6 22. Rd1 Bc6 23. Bf5 e2 24. Re1 Rce8 25. Bxe6 Rxe6 26. Nd4
Rd6 27. Rxe2 Bd7 28. Re7 g5 29. Bg3 Rd5 30. Rh7 b6 31. Rxh6 Kb7 32. Rh5 c5 33.
Nf3 Rd1+ 34. Kf2 g4 35. Ne5 Bb5 36. c4 Rd2+ 37. Ke3 Rxb2 38. cxb5 Rxb5 39. Rh7+
Ka8 40. Nc6 Rb2 41. Rxa7# 1-0

[Event "SN-2009-0-00152"]
[Site "Lechenicher SchachServer"]
[Date "2009.05.06"]
[Round "?"]
[White "Pecsi, Roland"]
[Black "Cser, Andras"]
[Result "0-1"]
[WhiteElo "707"]
[BlackElo "657"]
[PlyCount "60"]
[EventDate "2009.04.14"]

1. e4 e5 2. Nf3 Nc6 3. c3 Nf6 4. Qa4 Bd6 5. Bb5 O-O 6. d4 exd4 7. Bxc6 dxc6 8.
e5 Re8 9. Bf4 Bg4 10. Nbd2 dxc3 11. bxc3 Nd5 12. O-O Bc5 13. Qc4 b6 14. h3 Be6
15. Ne4 Nxf4 16. Qa4 Ne2+ 17. Kh1 Bd5 18. Rad1 b5 19. Qc2 Bxe4 20. Qxe2 Bd5 21.
Qc2 Qe7 22. Rfe1 Bxf3 23. gxf3 Qh4 24. Kg2 Re6 25. Re4 Qg5+ 26. Kh1 Qf5 27. Kg2
Rg6+ 28. Kh2 Rh6 29. Kg1 Qxh3 30. Qe2 Qh1# 0-1

[Event "UKR Chess Championship g - 12 (semifina"]
[Site "Evpatoria"]
[Date "2009.05.04"]
[Round "2.2"]
[White "Budaj, Patrik"]
[Black "Kovac, Andrej"]
[Result "1/2-1/2"]
[WhiteElo "1703"]
[BlackElo "2101"]
[PlyCount "53"]
[EventDate "2009.10.02"]
[EventRounds "9"]
[EventCountry "UKR"]
[SourceTitle "OM OTB B 201907"]
[Source "Opening Master"]
[SourceDate "2019.07.06"]
[SourceVersion "2"]
[SourceVersionDate "2019.07.06"]
[SourceQuality "1"]

1. e4 e5 2. Nf3 Nc6 3. c3 Nf6 4. d4 Nxe4 5. d5 Ne7 6. Nxe5 d6 7. Bb5+ c6 8.
dxc6 bxc6 9. Nxc6 Qb6 10. Nxa7+ Bd7 11. Bxd7+ Kxd7 12. Qa4+ Nc6 13. Qxc6+ Qxc6
14. Nxc6 Kxc6 15. O-O d5 16. Nd2 Nxd2 17. Bxd2 Be7 18. a4 Bf6 19. b4 Rhc8 20.
Rfd1 Kb7 21. b5 Bxc3 22. Bxc3 Rxc3 23. Rxd5 Rxa4 24. Rd7+ Kb6 25. Rad1 Rc7 26.
g3 Raa7 27. Rxc7 1/2-1/2

[Event "Challenge from hurnavich"]
[Site "http://gameknot.com/chess.pl?"]
[Date "2009.05.04"]
[Round "?"]
[White "Hurnavich"]
[Black "Rt4Sm"]
[Result "0-1"]
[WhiteElo "2175"]
[BlackElo "2172"]
[PlyCount "42"]
[EventDate "2009.??.??"]
[SourceTitle "OM Portal C 201906"]
[Source "Opening Master"]
[SourceDate "2019.06.27"]
[SourceVersion "1"]
[SourceVersionDate "2019.06.27"]
[SourceQuality "1"]

1. e4 e5 2. Nf3 Nc6 3. c3 d5 4. Qa4 Bd7 5. exd5 Nd4 6. Qd1 Nxf3+ 7. Qxf3 Nf6 8.
Bc4 b5 9. Bb3 e4 10. Qe2 Bd6 11. d4 O-O 12. O-O Ng4 13. g3 f5 14. Na3 f4 15. h3
Nf6 16. Bxf4 Bxf4 17. gxf4 Bxh3 18. Rfe1 Kh8 19. Qe3 Qd7 20. Qg3 Nh5 21. Qg5
Rf5 0-1

[Event "BCF-chT3 0809 (4NCL)"]
[Site "Hinckley Island"]
[Date "2009.05.02"]
[Round "9.2"]
[White "Doran, Michael J"]
[Black "Turvey, Steven S"]
[Result "1-0"]
[WhiteElo "1855"]
[BlackElo "1915"]
[PlyCount "73"]
[EventDate "2008.10.18"]
[EventType "team-swiss"]
[EventRounds "11"]
[EventCountry "ENG"]
[SourceTitle "EXT 2010"]
[Source "ChessBase"]
[SourceDate "2009.11.30"]
[SourceVersion "1"]
[SourceVersionDate "2009.11.30"]
[SourceQuality "1"]
[WhiteTeam "Halesowen"]
[BlackTeam "Leicester III"]
[WhiteTeamCountry "ENG"]
[BlackTeamCountry "ENG"]

1. e4 e5 2. Nf3 Nc6 3. c3 Nf6 4. d4 exd4 5. e5 Qe7 6. cxd4 d6 7. Bb5 Bd7 8. O-O
Nd5 9. Re1 Be6 10. Nc3 Nxc3 11. bxc3 d5 12. Qc2 Qd7 13. Bd3 g6 14. Rb1 b6 15.
Bb5 O-O-O 16. Qa4 Kb7 17. Bg5 Ra8 18. Bf6 Rg8 19. Ba6+ Kb8 20. Ng5 h5 21. Nxe6
Qxe6 22. c4 Bg7 23. Bxg7 Rxg7 24. cxd5 Qxd5 25. Bc4 Qd7 26. Bb5 Qxd4 27. Bxc6
Qxa4 28. Bxa4 Kb7 29. Rbd1 Rgg8 30. Rd7 Rgf8 31. Bb3 f6 32. exf6 Rxf6 33. Bd5+
Kc8 34. Rde7 c6 35. Re8+ Kb7 36. R1e7+ Ka6 37. Bc4+ 1-0

[Event "Calvi Balagne op 06th"]
[Site "Calvi"]
[Date "2009.05.02"]
[Round "8"]
[White "Starostits, Ilmars"]
[Black "Remille, Tristan"]
[Result "1-0"]
[WhiteElo "2464"]
[BlackElo "2208"]
[PlyCount "75"]
[EventDate "2009.04.28"]
[EventType "swiss"]
[EventRounds "9"]
[EventCountry "FRA"]
[SourceTitle "CBM 130 Extra"]
[Source "ChessBase"]
[SourceDate "2009.07.02"]
[SourceVersion "2"]
[SourceVersionDate "2009.07.15"]
[SourceQuality "1"]

1. e4 e5 2. Nf3 Nc6 3. c3 Nf6 4. d4 exd4 5. e5 Nd5 6. Qb3 Nb6 7. cxd4 d5 8. Be3
Be7 9. a4 Be6 10. Nbd2 Nc4 11. Be2 O-O 12. O-O b6 13. Rad1 N6a5 14. Qc3 Nxe3
15. Qxe3 h6 16. Nb1 c5 17. Nc3 c4 18. Nd2 Qd7 19. Kh1 Rac8 20. f4 f5 21. exf6
Bxf6 22. Nf3 Nc6 23. Ne5 Nxe5 24. dxe5 Be7 25. h3 Kh8 26. Nb5 Bc5 27. Nd4 Qxa4
28. g4 Qb4 29. f5 Bg8 30. g5 Qb3 31. Qxb3 cxb3 32. gxh6 Bxd4 33. hxg7+ Kxg7 34.
Rxd4 Rc2 35. f6+ Kf7 36. Bg4 Bh7 37. e6+ Kg8 38. e7 1-0

[Event "Memorial Voroniatov (open)"]
[Site "Nizhnij Novgorod (Russia)"]
[Date "2009.05.??"]
[Round "?"]
[White "Karasev, Georgy"]
[Black "Golovin, Leonid"]
[Result "0-1"]
[WhiteElo "1944"]
[BlackElo "2446"]
[PlyCount "34"]
[EventDate "2009.??.??"]
[EventCountry "RUS"]
[SourceTitle "OM OTB B 201907"]
[Source "Opening Master"]
[SourceDate "2019.07.06"]
[SourceVersion "2"]
[SourceVersionDate "2019.07.06"]
[SourceQuality "1"]

1. e4 e5 2. Nf3 Nc6 3. c3 d5 4. d3 f5 5. Bg5 Be7 6. Bxe7 Ngxe7 7. Nbd2 O-O 8.
Qc2 Kh8 9. O-O-O Be6 10. Kb1 b5 11. Be2 a5 12. Ka1 h6 13. h3 Qe8 14. Rde1 Qf7
15. Qb1 b4 16. exd5 Nxd5 17. c4 Nf4 0-1

[Event "NED-ch U15 Girls"]
[Site "Venlo"]
[Date "2009.04.30"]
[Round "7"]
[White "Bitalzadeh, Mahsa"]
[Black "Hupkens, Mia Rosa"]
[Result "1-0"]
[WhiteElo "1743"]
[BlackElo "1402"]
[PlyCount "155"]
[EventDate "2009.04.24"]
[EventType "swiss"]
[EventRounds "9"]
[EventCountry "NED"]
[SourceTitle "EXT 2013"]
[Source "ChessBase"]
[SourceDate "2012.11.22"]
[SourceVersion "1"]
[SourceVersionDate "2012.11.22"]
[SourceQuality "1"]

1. e4 e5 2. Nf3 Nc6 3. c3 Nf6 4. d4 exd4 5. e5 Nd5 6. Qb3 Nb6 7. cxd4 d5 8. Nc3
a6 9. Bd3 Bg4 10. Be3 Na5 11. Qc2 h6 12. O-O-O Nac4 13. Bf4 Qd7 14. h3 Be6 15.
g4 O-O-O 16. Nd2 Bb4 17. Bg3 Qe7 18. Nxc4 Nxc4 19. Ne2 Kb8 20. a3 Ba5 21. Nf4
Bb6 22. Bxc4 dxc4 23. d5 g5 24. Nxe6 fxe6 25. d6 Qf7 26. Qxc4 cxd6 27. exd6 Ka7
28. Qe2 Rc8+ 29. Kb1 Qd7 30. Rhe1 Rhe8 31. Rd2 Ba5 32. b4 Bb6 33. Qd3 Rc6 34.
Qg6 a5 35. b5 Rc4 36. Rb2 Bc5 37. Qd3 Rd4 38. Qc3 b6 39. Be5 Rd5 40. Rc1 Kb7
41. a4 Bxd6 42. Bxd6 Rxd6 43. Rbc2 Re7 44. Qf3+ Ka7 45. Rc8 Qb7 46. Qxb7+ Kxb7
47. R1c6 Rd1+ 48. Kb2 Rh1 49. Rc3 Rh2 50. Rf8 Rh1 51. Rf6 Rf1 52. f3 Rf2+ 53.
Rc2 Rf1 54. Rc6 Rf2+ 55. Kb3 Re2 56. Rxh6 Re3+ 57. Rc3 Re5 58. h4 gxh4 59. Rxh4
Rf7 60. Rh6 Re1 61. Rh2 Rf1 62. Rh3 Rb1+ 63. Kc2 Ra1 64. Re3 Rf6 65. Re4 Ra3
66. Rh7+ Kb8 67. f4 Ra2+ 68. Kd3 Ra3+ 69. Ke2 Ra2+ 70. Kf3 Ra3+ 71. Kg2 Ra2+
72. Kg3 Ra3+ 73. Kh4 Rf8 74. Re7 Ra1 75. R7xe6 Kc7 76. Rc6+ Kb7 77. g5 Rh8+ 78.
Rh6 1-0

[Event "League division B2"]
[Site "http://gameknot.com/chess.pl?"]
[Date "2009.04.29"]
[Round "?"]
[White "Valeriuzaharia"]
[Black "Hurnavich"]
[Result "0-1"]
[WhiteElo "2057"]
[BlackElo "2175"]
[PlyCount "106"]
[EventDate "2009.??.??"]
[SourceTitle "OM Portal C 201906"]
[Source "Opening Master"]
[SourceDate "2019.06.27"]
[SourceVersion "1"]
[SourceVersionDate "2019.06.27"]
[SourceQuality "1"]

1. e4 e5 2. Nf3 Nc6 3. c3 Nf6 4. d4 exd4 5. e5 Ne4 6. Qe2 f5 7. exf6 d5 8. Nbd2
Qxf6 9. Nxe4 dxe4 10. Qxe4+ Qe7 11. Qxe7+ Bxe7 12. Nxd4 Nxd4 13. cxd4 Be6 14.
Be3 O-O-O 15. Bd3 g6 16. Bc2 Bf6 17. O-O-O Bd5 18. Rhg1 Rhe8 19. a3 b6 20. b4
Re6 21. b5 Kb7 22. Kb2 a6 23. a4 axb5 24. axb5 Ra8 25. Bb3 Rd6 26. Rb1 Bxd4+
27. Bxd4 Bxb3 28. Kxb3 Rxd4 29. Rb2 Rd5 30. Kc4 Rad8 31. Kb4 Rd4+ 32. Ka3 Rh4
33. h3 Rh5 34. Kb4 Rc5 35. Ra1 Rdd5 36. Ka4 Rc4+ 37. Ka3 Rd3+ 38. Rb3 Rd2 39.
Rf3 Rcc2 40. Rf7 Rxf2 41. Rxh7 Rxg2 42. Rb1 Rg3+ 43. Rb3 Rxb3+ 44. Kxb3 Rc5 45.
Kb4 Rh5 46. Rxh5 gxh5 47. Kc4 h4 48. Kc3 c6 49. Kc4 cxb5+ 50. Kxb5 Kc7 51. Ka4
Kd6 52. Kb5 Ke5 53. Kxb6 Kf4 0-1

[Event "Calvi Balagne op 06th"]
[Site "Calvi"]
[Date "2009.04.28"]
[Round "1"]
[White "Cascais, Adrien"]
[Black "Pieri, Pierre Louis"]
[Result "0-1"]
[WhiteElo "1350"]
[BlackElo "1832"]
[PlyCount "32"]
[EventDate "2009.04.28"]
[EventType "swiss"]
[EventRounds "9"]
[EventCountry "FRA"]
[SourceTitle "CBM 130 Extra"]
[Source "ChessBase"]
[SourceDate "2009.07.02"]
[SourceVersion "2"]
[SourceVersionDate "2009.07.15"]
[SourceQuality "1"]

1. e4 e5 2. Nf3 Nc6 3. c3 d5 4. exd5 Qxd5 5. h3 e4 6. Nd4 Nxd4 7. cxd4 Qxd4 8.
Nc3 Be6 9. Nb5 Qb6 10. f3 exf3 11. Qxf3 a6 12. Nc3 Nf6 13. d4 O-O-O 14. Qf2 Bb4
15. Be3 Rhe8 16. d5 Bxd5 0-1

[Event "Frankfurt-ch"]
[Site "Frankfurt"]
[Date "2009.04.27"]
[Round "1"]
[White "Makilla, Tobias"]
[Black "Fischler, Paul"]
[Result "1-0"]
[WhiteElo "1945"]
[BlackElo "1009"]
[PlyCount "81"]
[EventDate "2009.04.27"]
[EventType "tourn"]
[EventRounds "7"]
[EventCountry "GER"]
[SourceTitle "EXT 2010"]
[Source "ChessBase"]
[SourceDate "2009.11.30"]
[SourceVersion "1"]
[SourceVersionDate "2009.11.30"]
[SourceQuality "1"]

1. e4 e5 2. Nf3 Nc6 3. c3 h6 4. d4 Bd6 5. Nbd2 a6 6. Nc4 Nf6 7. dxe5 Bc5 8.
exf6 Qxf6 9. Be3 Qe7 10. Bxc5 Qxc5 11. Qd5 Qe7 12. Nce5 O-O 13. Bc4 Kh7 14. O-O
Nxe5 15. Qxe5 Qd8 16. Qf5+ g6 17. Qf4 f5 18. Rfe1 d6 19. Re2 b5 20. Bd5 Rb8 21.
Rae1 Bd7 22. exf5 Qf6 23. fxg6+ Qxg6 24. Re7+ Kh8 25. Qd4+ Rf6 26. Rf7 Bh3 27.
Qxf6+ Qxf6 28. Rxf6 Kg7 29. Rf7+ Kg6 30. gxh3 Kh5 31. Rg7 Rf8 32. Bf7+ Rxf7 33.
Rxf7 Kg6 34. Rf4 Kh7 35. Rg4 h5 36. Rg3 c5 37. Re8 h4 38. Rg4 b4 39. Reg8 bxc3
40. R4g6 cxb2 41. Ng5# 1-0

[Event "NED-ch U15"]
[Site "Venlo"]
[Date "2009.04.26"]
[Round "3"]
[White "Vereggen, Lars"]
[Black "Van Driel, Dennis"]
[Result "1-0"]
[WhiteElo "1684"]
[BlackElo "1216"]
[PlyCount "101"]
[EventDate "2009.04.24"]
[EventType "swiss"]
[EventRounds "9"]
[EventCountry "NED"]
[SourceTitle "EXT 2013"]
[Source "ChessBase"]
[SourceDate "2012.11.22"]
[SourceVersion "1"]
[SourceVersionDate "2012.11.22"]
[SourceQuality "1"]

1. e4 e5 2. Nf3 Nc6 3. c3 d6 4. h3 Nf6 5. Bd3 Be6 6. Bc2 d5 7. exd5 Nxd5 8. d4
exd4 9. Nxd4 Nxd4 10. Qxd4 Qf6 11. Qxf6 Nxf6 12. O-O Bd6 13. Nd2 O-O 14. Ne4
Nxe4 15. Bxe4 c6 16. Be3 a6 17. Rfd1 Bc7 18. Bc2 Rfe8 19. Re1 Rac8 20. a3 Ra8
21. Rad1 Rad8 22. Rxd8 Rxd8 23. Bd4 Bd6 24. Bb6 Re8 25. Rd1 Be5 26. Re1 Bd6 27.
Bb3 Bd7 28. Rd1 Bb8 29. g4 Be6 30. Bxe6 fxe6 31. Rd7 Bf4 32. Rxb7 Bc1 33. Be3
Bxe3 34. fxe3 Rd8 35. Kg2 Rd6 36. Rb6 Rd3 37. Kf3 Rd2 38. b4 Rb2 39. Rxa6 Rb3
40. c4 Kf7 41. Rxc6 Rxa3 42. b5 Ra7 43. b6 Ra8 44. c5 Ke7 45. Rc7+ Kf8 46. b7
Re8 47. c6 h6 48. Rxg7 Kxg7 49. c7 Rf8+ 50. Ke4 Rf7 51. c8=Q 1-0

[Event "It (open) \"]
[Site "Greece"]
[Date "2009.04.25"]
[Round "6"]
[White "Lagopatis, Nikolaos"]
[Black "Skondras, Stavros"]
[Result "1-0"]
[WhiteElo "2233"]
[BlackElo "1942"]
[PlyCount "105"]
[EventDate "2009.??.??"]
[EventRounds "7"]
[SourceTitle "OM OTB B 201907"]
[Source "Opening Master"]
[SourceDate "2019.07.06"]
[SourceVersion "2"]
[SourceVersionDate "2019.07.06"]
[SourceQuality "1"]

1. e4 e5 2. Nf3 Nc6 3. c3 Nf6 4. d3 Bc5 5. b4 Bd6 6. Be2 a6 7. O-O O-O 8. Nbd2
Be7 9. Bb2 d6 10. a3 Bg4 11. Re1 Re8 12. Qc2 Nd7 13. Nf1 f5 14. Rad1 fxe4 15.
dxe4 Rf8 16. Bc1 Qe8 17. Ne3 h5 18. h3 Bxf3 19. Bxf3 Nf6 20. Qe2 g6 21. a4 Nd8
22. Qc4+ Kg7 23. a5 Rc8 24. Qe2 Ne6 25. g3 Nh7 26. Nd5 Bg5 27. h4 Qf7 28. Bg2
Bxc1 29. Rxc1 Nf6 30. Nxf6 Qxf6 31. Rcd1 Rf7 32. Rd3 Rcf8 33. Rf3 Qe7 34. Rxf7+
Rxf7 35. Rd1 Nd8 36. Rd3 Qe6 37. Rf3 Qb3 38. Rxf7+ Kxf7 39. Qf3+ Ke7 40. Qe3
Kf8 41. Bh3 Nc6 42. Bc8 Nd8 43. Kf1 Qf7 44. Qh6+ Kg8 45. Qg5 Qc4+ 46. Kg1 Qxe4
47. Qxd8+ Kg7 48. Qxc7+ Kh6 49. Bxb7 d5 50. Bxa6 Qe1+ 51. Bf1 e4 52. a6 e3 53.
Qf4+ 1-0

[Event "Salon de Provence op 4th"]
[Site "Salon de Provence"]
[Date "2009.04.24"]
[Round "1"]
[White "Lepeigneux, Jean Jacques"]
[Black "Janier, Fabrice"]
[Result "0-1"]
[WhiteElo "1600"]
[BlackElo "1984"]
[PlyCount "36"]
[EventDate "2009.04.24"]
[EventType "swiss"]
[EventRounds "7"]
[EventCountry "FRA"]
[SourceTitle "EXT 2010"]
[Source "ChessBase"]
[SourceDate "2009.11.30"]
[SourceVersion "1"]
[SourceVersionDate "2009.11.30"]
[SourceQuality "1"]

1. e4 e5 2. Nf3 Nc6 3. c3 f5 4. exf5 e4 5. Ng1 Nf6 6. d3 d5 7. Bg5 Bxf5 8. Bxf6
Qxf6 9. dxe4 dxe4 10. Nd2 Bc5 11. Qe2 O-O-O 12. g3 Ne5 13. O-O-O Nd3+ 14. Kb1
Nxf2 15. Bg2 Nxd1 16. Nxe4 Ne3 17. a3 Nxg2 18. Qxg2 Qc6 0-1

[Event "Scarborough CC-ch reserves op"]
[Site "Toronto"]
[Date "2009.04.23"]
[Round "9"]
[White "Verde, Pino"]
[Black "Jizan, Masoud"]
[Result "1-0"]
[WhiteElo "1712"]
[BlackElo "1636"]
[PlyCount "81"]
[EventDate "2009.02.26"]
[EventType "swiss"]
[EventRounds "9"]
[EventCountry "CAN"]
[SourceTitle "EXT 2011"]
[Source "ChessBase"]
[SourceDate "2010.11.26"]
[SourceVersion "1"]
[SourceVersionDate "2010.11.26"]
[SourceQuality "1"]

1. e4 e5 2. Nf3 Nc6 3. c3 Nf6 4. d4 exd4 5. e5 Nxe5 6. Nxe5 Qe7 7. Qe2 d6 8.
Nf3 dxc3 9. Nxc3 Be6 10. Nd4 g6 11. Nxe6 fxe6 12. g3 Bg7 13. Bg2 d5 14. O-O O-O
15. Nxd5 Qd7 16. Nxf6+ Bxf6 17. Bh3 Rae8 18. Re1 Kh8 19. Bh6 Rf7 20. Rad1 Qc6
21. Bg2 Qb6 22. Be3 c5 23. Qc2 Rc7 24. Qa4 Rf8 25. Bf4 e5 26. Rxe5 Qxb2 27. Re8
Rcf7 28. Bd5 Kg7 29. Rxf8 Rxf8 30. Qd7+ Kh8 31. Re1 Bd4 32. Qe7 Qxf2+ 33. Kh1
Bg7 34. Bd6 h5 35. Bxc5 Qf5 36. Qxb7 Bc3 37. Bxf8 Qxf8 38. Rc1 h4 39. Qf7 Qd8
40. Rxc3 hxg3 41. Rxg3 1-0

[Event "MGL-ch (Women)"]
[Site "Ulaanbaatar"]
[Date "2009.04.20"]
[Round "12"]
[White "Enkhtuul, Altanulzii"]
[Black "Sarantungalag, Sengeebaatar"]
[Result "1-0"]
[WhiteElo "2036"]
[BlackElo "2015"]
[PlyCount "63"]
[EventDate "2009.04.11"]
[EventType "tourn"]
[EventRounds "13"]
[EventCountry "MGL"]
[SourceTitle "CBM 130 Extra"]
[Source "ChessBase"]
[SourceDate "2009.07.02"]
[SourceVersion "2"]
[SourceVersionDate "2009.07.15"]
[SourceQuality "1"]

1. e4 e5 2. Nf3 Nc6 3. c3 d5 4. Qa4 Qd7 5. Bb5 f6 6. O-O a6 7. d3 Nge7 8. Re1
Rb8 9. Bxc6 Nxc6 10. exd5 Qxd5 11. d4 b5 12. Qb3 Qd6 13. dxe5 Nxe5 14. Nxe5
fxe5 15. Bf4 Be7 16. Bxe5 Qg6 17. Bxc7 Bb7 18. Bg3 Rd8 19. Na3 Bd5 20. Qc2 Qf6
21. Qe2 Rd7 22. Qg4 h5 23. Qh3 h4 24. Nc2 Bc6 25. Re6 Qg5 26. Rxc6 Qd5 27. Nd4
O-O 28. Bxh4 Bxh4 29. Qxh4 Rdf7 30. Rf1 Rf4 31. Qg3 Rxd4 32. Rc7 1-0

[Event "HUN-chT2 Toth 0809"]
[Site "Hungary"]
[Date "2009.04.19"]
[Round "11.3"]
[White "Sakic, Lorand"]
[Black "Nagy, Zoltan2"]
[Result "1/2-1/2"]
[WhiteElo "2020"]
[BlackElo "2026"]
[PlyCount "212"]
[EventDate "2008.10.26"]
[EventType "team-tourn"]
[EventRounds "11"]
[EventCountry "HUN"]
[SourceTitle "EXT 2010"]
[Source "ChessBase"]
[SourceDate "2009.11.30"]
[SourceVersion "1"]
[SourceVersionDate "2009.11.30"]
[SourceQuality "1"]
[WhiteTeam "Szentes"]
[BlackTeam "Maroczy II"]
[WhiteTeamCountry "HUN"]
[BlackTeamCountry "HUN"]

1. e4 e5 2. Nf3 Nc6 3. c3 Nf6 4. d4 exd4 5. e5 Nd5 6. cxd4 Bb4+ 7. Bd2 Bxd2+ 8.
Qxd2 d6 9. Bb5 Bd7 10. exd6 cxd6 11. O-O O-O 12. Nc3 Nxc3 13. bxc3 Ne7 14. Bd3
Ng6 15. Be4 Bc6 16. d5 Bd7 17. Rab1 Qc7 18. h4 Rac8 19. h5 Ne7 20. h6 f5 21.
hxg7 Rf7 22. Bc2 Rxg7 23. Rfc1 b6 24. Bb3 Qd8 25. Qh6 Rg6 26. Qh4 Qf8 27. Re1
Re8 28. Rb2 Qg7 29. Qh2 Kf8 30. Rbe2 Ng8 31. Nd4 Rxe2 32. Rxe2 Ne7 33. g3 Qh6
34. Qxh6+ Rxh6 35. Kg2 Rg6 36. Kf3 Rg5 37. Ne6+ Bxe6 38. Rxe6 Rg6 39. Kf4 Rg4+
40. Kf3 Rg6 41. Re1 h6 42. Rh1 Kg7 43. Rh4 Kf6 44. Kf4 Kf7 45. c4 Rf6 46. Ke3
Kg7 47. f4 Rf8 48. Bc2 Rf6 49. Rh1 Rg6 50. Kf3 Kf7 51. Ba4 Rf6 52. Bd7 Kg7 53.
a4 Rf8 54. Re1 Ng8 55. Re6 Rd8 56. Bb5 Kf7 57. g4 fxg4+ 58. Kxg4 Nf6+ 59. Kf5
Ng8 60. Re1 Ne7+ 61. Kg4 Rg8+ 62. Kf3 Rg6 63. a5 h5 64. a6 Rf6 65. Rh1 Rh6 66.
Bd7 Ng8 67. Be6+ Kf8 68. Rb1 Rh7 69. Bc8 Nf6 70. Bf5 Re7 71. Rg1 Rg7 72. Re1
Re7 73. Rh1 Rg7 74. Rh2 Rc7 75. Bd3 Rg7 76. Be2 Re7 77. Bd3 Rg7 78. Rh4 Rc7 79.
f5 Rg7 80. Kf4 Rg2 81. Rh1 Rg4+ 82. Kf3 Rg7 83. Re1 Re7 84. Re6 Rxe6 85. dxe6
Ke7 86. Kf4 h4 87. Bf1 d5 88. cxd5 Nxd5+ 89. Kg5 h3 90. Bxh3 b5 91. Bf1 b4 92.
Bc4 Nf6 93. Kg6 Ne4 94. Bb3 Nf6 95. Bc4 Ne4 96. Bd5 Nf6 97. Ba2 Ne4 98. Bb3 Nf6
99. Kg5 Ne4+ 100. Kf4 Nc5 101. Bc2 Kf6 102. Ke3 b3 103. Bb1 Nxa6 104. Kd4 Nc7
105. Kc4 Nxe6 106. fxe6 Kxe6 1/2-1/2

[Event "Ambes op 2nd"]
[Site "Ambes"]
[Date "2009.04.19"]
[Round "9"]
[White "Guenin, Pierre"]
[Black "Tabaroni, Serge"]
[Result "0-1"]
[WhiteElo "1773"]
[BlackElo "1686"]
[PlyCount "94"]
[EventDate "2009.04.11"]
[EventType "swiss"]
[EventRounds "9"]
[EventCountry "FRA"]
[SourceTitle "EXT 2012"]
[Source "ChessBase"]
[SourceDate "2011.11.24"]
[SourceVersion "1"]
[SourceVersionDate "2011.11.24"]
[SourceQuality "1"]

1. e4 e5 2. Nf3 Nc6 3. c3 Be7 4. Be2 Nf6 5. d3 O-O 6. O-O d6 7. Bg5 h6 8. Bh4
Nh7 9. Bxe7 Nxe7 10. Nbd2 f5 11. exf5 Nxf5 12. Ne4 b6 13. h3 Be6 14. Nh2 d5 15.
Ng3 Nxg3 16. fxg3 Qg5 17. Bg4 Rxf1+ 18. Qxf1 Bxg4 19. Nxg4 h5 20. Nh2 Qxg3 21.
Qe2 Rf8 22. Rf1 Rxf1+ 23. Nxf1 Qg5 24. Nd2 Nf6 25. Nf3 Qc1+ 26. Kh2 e4 27. dxe4
Nxe4 28. g3 Qh1+ 29. Kxh1 Nxg3+ 30. Kg1 Nxe2+ 31. Kf2 Nf4 32. Kg3 Nd3 33. b4
Nc1 34. Kh4 g6 35. Ne5 Kg7 36. Kg5 Nxa2 37. Nxg6 Nxc3 38. Kxh5 d4 39. Nf4 c5
40. bxc5 bxc5 41. Ne6+ Kh7 42. Nxc5 a5 43. Nb3 d3 44. Kg5 a4 45. Nd2 a3 46. Kf4
a2 47. Nb3 d2 0-1